A market analysis of estate agency in England and Wales (Record no. 86900)

MARC details
000 -LEADER
fixed length control field 00757cam a2200277 4500
008 - FIXED-LENGTH DATA ELEMENTS--GENERAL INFORMATION
fixed length control field 090401t1986 xxu||||| |||| 00| 0 eng d
020 ## - INTERNATIONAL STANDARD BOOK NUMBER
International Standard Book Number 0903808536
035 ## - SYSTEM CONTROL NUMBER
System control number (Sirsi) u11725
041 ## - LANGUAGE CODE
Language code of text/sound track or separate title eng
050 ## - LIBRARY OF CONGRESS CALL NUMBER
Classification number 333.33
100 ## - MAIN ENTRY--PERSONAL NAME
Personal name Haxby, Joanna
245 #2 - TITLE STATEMENT
Title A market analysis of estate agency in England and Wales
260 ## - PUBLICATION, DISTRIBUTION, ETC.
Place of publication, distribution, etc. Manchester
Name of publisher, distributor, etc. Centre for Business Research
Date of publication, distribution, etc. 1986
300 ## - PHYSICAL DESCRIPTION
Extent 188p. : ill. ; 30cm.
350 ## - PRICE (NR) (BK AM CF MU VM SE) [OBSOLETE]
Price 125
490 ## - SERIES STATEMENT
Series statement Banking & Financial Services Series
650 ## - SUBJECT ADDED ENTRY--TOPICAL TERM
Topical term or geographic name entry element ADVERTISING
650 ## - SUBJECT ADDED ENTRY--TOPICAL TERM
Topical term or geographic name entry element HOUSING MARKET
650 ## - SUBJECT ADDED ENTRY--TOPICAL TERM
Topical term or geographic name entry element MANCHESTER BUSINESS SCHOOL
650 ## - SUBJECT ADDED ENTRY--TOPICAL TERM
Topical term or geographic name entry element MARKETING
700 ## - ADDED ENTRY--PERSONAL NAME
Personal name Nielson, Alan
700 ## - ADDED ENTRY--PERSONAL NAME
Personal name Ruston, Mike
700 ## - ADDED ENTRY--PERSONAL NAME
Personal name Pattison, Bridget
International Standard Serial Number Editor
942 ## - ADDED ENTRY ELEMENTS (KOHA)
Suppress in OPAC 0
948 ## - LOCAL PROCESSING INFORMATION (OCLC); SERIES PART DESIGNATOR (RLIN)
c (OCLC) 04/03/1997
Holdings
Withdrawn status Lost status Source of classification or shelving scheme Damaged status Not for loan Home library Current library Shelving location Date acquired Cost, normal purchase price Total Checkouts Full call number Barcode Date last seen Copy number Cost, replacement price Price effective from Koha item type
    Dewey Decimal Classification     London London Basement 14/09/1999 125.00   SHELF 321 30002667 06/08/2019 1 125.00 06/08/2019 Reference material